00553nam a2200157 i 450000100060000000300090000600500170001500700030003200800410003510000370007624501470011326000660026030000180032650500300034485200210037474648ES-MaACL20230906172213.0t|040920s1914 sp ||||1| spa d1 aGonzález Rebollar, Hipólito.13aLa nueva política, críticas de actualidad b: [incluyese el estudio de actualidad la hora de España] / cHipólito González Rebollar. aLaguna de Tenerife : b[s.n., c1914] (fSucs. de M. Curbelo) av. ; c18 cm.8 aContiene: I. El ambiente. aES-MaACLjD-3154